00575nam a2200193 a 4500003000600000005001700006008004100023020001500064040002100079050002100100245009400121250001100215260004700226300002600273650001500299650001500314700002300329700002900352UkOxU20220329134118.0500101s1992 pau 000 0 eng d a0721636683 cALUPE UNIVERSITY aRG101b.E87 199200aEssentials of obstetrics and gynecology /c[edited by] Neville F. Hacker, J. George Moore a2nd ed aPhiladelphia ;aLondon :bSaunders,cc1992 axviii, 679 p ;c26 cm 0aGynecology 0aObstetrics1 aHacker, Neville F.1 aMoore, J. George,d1917-